Statistics for Biggest importers of Belgian Beer

Click here to take the quiz!

General Stats

  • This quiz has been taken 177 times
  • The average score is 7 of 8

Answer Stats

HintAnswer% Correct
3.248.799 hlFrance
99%
1.791.207 hlUnited States
99%
1.325.241 hlGermany
98%
2.035.877 hlNetherlands
95%
280.606 hlUnited Kingdom
93%
382.983 hlCanada
82%
447.512 hlItaly
82%
122.156 hlJapan
54%

Score Distribution

Percentile by Number Answered

Percent of People with Each Score

Your Score History

You have not taken this quiz